Die religiose poesie der juden in Spanien / (Record no. 164245)

MARC details
000 -LEADER
campo de control de longitud fija 00754nam a2200169 i 4500
001 - NÚMERO DE CONTROL
campo de control 164245
003 - IDENTIFICADOR DE NÚMERO DE CONTROL
campo de control ES-MaACL
005 - FECHA Y HORA DE LA ÚLTIMA TRANSACCIÓN
campo de control 20251014063238.0
008 - DATOS DE LONGITUD FIJA--INFORMACIÓN GENERAL
campo de control de longitud fija 990902s1845 gw |||| | ger d
040 ## - FUENTE DE CATALOGACIÓN
Centro catalogador/agencia de origen CLM
Lengua de catalogación spa
Centro/agencia transcriptor CLM
100 1# - ENTRADA PRINCIPAL--NOMBRE DE PERSONA
Nombre de persona Sachs, Michael,
Fechas asociadas al nombre 1808-1864
9 (RLIN) 132259
245 10 - MENCIÓN DEL TÍTULO
Título Die religiose poesie der juden in Spanien /
Mención de responsabilidad, etc. bon Dr. Michael Sachs.
260 ## - PUBLICACIÓN, DISTRIBUCIÓN, ETC.
Lugar de publicación, distribución, etc. Berlin :
Nombre del editor, distribuidor, etc. Berlag von Beit und Comp.,
Fecha de publicación, distribución, etc. 1845.
300 ## - DESCRIPCIÓN FÍSICA
Extensión 347, 51 p. ;
Dimensiones 23 cm.
852 ## - LOCALIZACIÓN
Ubicación ES-MaACL
Número de control de estantería G-2770
Nota libre -- Enc. pasta española
Encuadernación -- Edic.: El tit. es: "Die religiöse Poesie der Juden in Spanien / von Michael Sachs" -- El ed. es: Verlag von Veit und Comp. -- El imp. consta en pag. 347: Julius Sittenfeld -- Las 51 p. están en hebreo
Holdings
Estatus retirado Estado de pérdida Estado de daño No para préstamo Colección Biblioteca de origen Biblioteca actual Ubicación en estantería Fecha de adquisición Fuente de adquisición Total de préstamos Signatura topográfica completa Código de barras Visto por última vez Precio de reemplazo Tipo de ítem Koha
        Libros del s. XIX Biblioteca del Ateneo de Madrid Biblioteca del Ateneo de Madrid Depósito 2 17/01/2008     G-2770 1172147 23/02/2023 23/02/2023 Libro impreso antiguo